000 01297cam a2200385 i 4500
001 3252
003 FISKH
005 20240222091822.0
008 160926s2016 wiuab b 000 1 eng
010 _a 2016029734
020 _a9781609587918 (paperback)
040 _aDLC
_beng
_cDLC
_erda
_dDLC
042 _alcac
_apcc
050 0 0 _aPZ7.T7363
_bRi 2016
082 0 0 _a[Fic]
_223
100 1 _aTripp, Valerie,
_d1951-
245 1 4 _aThe riddle of the robin /
_cby Valerie Tripp ; illustrated by Thu Thai.
260 _aMiddleton :
_bAmerican Girl,
_c2016
300 _a93 pages :
_bcolor illustrations, color map ;
_c20 cm.
336 _atext
_btxt
_2rdacontent
336 _astill image
_bsti
_2rdacontent
337 _aunmediated
_bn
_2rdamedia
338 _avolume
_bnc
_2rdacarrier
490 0 _aWellieWishers
505 _aO
520 _aThe WellieWishers, four girls who have backyard adventures after stepping into their colorful garden boots, make friends with a robin. Includes related activities.
521 1 _a610
_bLexile
521 1 _aO
_bRaz-Plus
650 1 _aRobins
_vFiction.
650 1 _aNature
_vFiction.
650 1 _aFriendship
_vFiction.
700 1 _aThai, Thu,
_eillustrator.
906 _a7
_bcbc
_corignew
_d1
_eecip
_f20
_gy-gencatlg
942 _2ddc
_cBK
_n0
999 _c3252
_d3252